Country Flags Quiz 6- My Final Flags Quiz - Statistics

General Stats
  • This quiz has been taken 25 times
  • The average score is 13 of 16
Answer Stats
Picture Answer % Correct
Albania
100%
Cyprus
92%
Cambodia
88%
Liechtenstein
88%
Portugal
88%
Ecuador
83%
Ghana
83%
Kyrgyzstan
79%
Palau
79%
Taiwan
75%
Uganda
75%
Dominica
71%
Gabon
71%
Mauritius
71%
Turkmenistan
71%
Tuvalu
63%
No matching quizzes found
Score Distribution
Percent of People with Each Score
Percentile by Number Answered
Your Score History
You have not taken this quiz